The cruelest miles : the heroic story of dogs and ... Read More
Available copies
- 0 of 1 copy available at LARL/NWRL Consortium. (Show)
- 0 of 1 copy available at Lake Agassiz Regional Library.
Current holds
0 current holds with 1 total copy.
Show Only Available Copies
| Location | Call Number / Copy Notes | Barcode | Shelving Location | Status | Due Date |
|---|---|---|---|---|---|
| Moorhead Public Library | 614.5123 Sal (Text) | 33500008037541 | Main | Checked out | 06/11/2026 |
Record details
- ISBN: 0393019624
- Physical Description: ix, 303 p., [16] p. of plates : ill., maps ; 25 ... Read More
- Publisher: New York : W.W. Norton & Co., 2003.
Content descriptions
| Bibliography, etc. Note: | Includes bibliographical references. |
| Formatted Contents Note: | Gold, men, and dogs -- Outbreak -- Quarantine -- ... Read More |
Search for related items by subject
| Subject: | Diphtheria > Alaska > Nome. Sled dogs. |
| LDR | 01352cam a22002898a 4500 | ||
|---|---|---|---|
| 001 | 49072 | ||
| 003 | LARL_NWRL_CONSORTIUM | ||
| 005 | 20030102132614.0 | ||
| 008 | 021231s2003 nyu b 000 0 eng | ||
| 020 | . | ‡a0393019624 | |
| 035 | . | ‡a(OCoLC)51304068 | |
| 035 | 0 | 0. | ‡ilcmarc/BBQ-5676/KRLTECH2 |
| 040 | . | ‡aDLC ‡cDLC | |
| 082 | 0 | 0. | ‡a614.5/123/097986 ‡221 |
| 092 | . | ‡a614.5123 ‡bSal | |
| 100 | 1 | . | ‡aSalisbury, Gay. ‡0(LARL_NWRL_CONSORTIUM)133943 |
| 245 | 1 | 4. | ‡aThe cruelest miles : ‡bthe heroic story of dogs and men in a race against an epidemic / ‡cGay Salisbury, Laney Salisbury. |
| 260 | . | ‡aNew York : ‡bW.W. Norton & Co., ‡c2003. | |
| 300 | . | ‡aix, 303 p., [16] p. of plates : ‡bill., maps ; ‡c25 cm. | |
| 504 | . | ‡aIncludes bibliographical references. | |
| 505 | 0 | . | ‡aGold, men, and dogs -- Outbreak -- Quarantine -- Gone to the dogs -- Flying machines -- Hunters of the North -- Rule of the 40's -- The real heroes were dogs -- Red tape -- The ice factory -- Up against it good and strong -- Saved. |
| 650 | 0. | ‡aDiphtheria ‡zAlaska ‡zNome. | |
| 650 | 0. | ‡aSled dogs. ‡0(LARL_NWRL_CONSORTIUM)31136 | |
| 700 | 1 | . | ‡aSalisbury, Laney. ‡0(LARL_NWRL_CONSORTIUM)133944 |
| 901 | . | ‡a49072 ‡bOCLC ‡c49072 ‡tbiblio | |

Add to basket
Permalink
Disable Highlighting